000 00317nam a2200145 i 4500
001 bg
245 0 _aAdgezija rasplavov i pajka materialov.
250 _aVyp.1.
260 _aKiev,
_c1976.
040 _cBPK
041 _apol
080 _a532:621.791
942 _cKS
008 s pl f |000 0 pol
999 _c18229
_d18229
856 _uhttp://koha.tu.koszalin.pl/cgi-bin/koha/opac-detail.pl?biblionumber=18229
_yKatalog online BPK